[Event "St Petersburg-ch"]
[Site "St Petersburg"]
[Date "1996.??.??"]
[Round "1"]
[White "Khalifman, Alexander"]
[Black "Sivokho, Sergey V"]
[Result "1-0"]
[WhiteElo "2650"]
[BlackElo "2380"]
[Annotator "Khalifman,A"]
[PlyCount "63"]
[EventDate "1996.04.??"]
[EventType "tourn"]
[EventRounds "13"]
[EventCountry "RUS"]
[EventCategory "11"]
[SourceTitle "CBM 056"]
[Source "ChessBase"]
[SourceDate "1997.02.01"]
[SourceVersion "1"]
[SourceVersionDate "1997.02.01"]
[SourceQuality "1"]

1. d4 {Konikowski,J} Nf6 2. Nf3 e6 3. c4 b6 4. Nc3 Bb7 5. a3 d5 6. cxd5 Nxd5 7.
e3 g6 8. Bb5+ (8. h4 $5 {Konikowski,J}) 8... c6 9. Bd3 Bg7 10. Na4 $5 (10. O-O
{Konikowski,J} O-O 11. Nxd5 cxd5 (11... exd5 12. b4 $14) 12. Bd2 Nc6 13. Rc1
Rc8 14. Qa4 Rc7 $10 {Tarjan,JE-Adorjan,A/Vrsac/1983/}) 10... Nd7 11. e4 Ne7 (
11... N5f6 12. Bg5 $14) 12. O-O (12. h4 $5 {Short,N}) 12... O-O 13. Bg5 (13.
Bf4 c5 14. dxc5 Nxc5 15. Nxc5 bxc5 16. Qc2 $14 {Short,N}) 13... Re8 $6 $146 (
13... h6 $5 {Konikowski,J} 14. Bh4 g5 15. Bg3 c5 (15... f5 16. Bc4 $13) 16.
dxc5 Nxc5 17. Nxc5 bxc5 18. Rc1 Qb6 $13) 14. Rc1 Qb8 (14... e5 15. dxe5 Nxe5
16. Nxe5 Bxe5 17. Qf3 $16) (14... e5 $142 $5 {Konikowski,J}) 15. Bh4 $1 (15.
Qd2 e5 $13) 15... h6 (15... e5 16. Bg3 $16) (15... Bh6 16. Rc2 e5 17. Bg3 Bf4
18. Bxf4 exf4 19. Qd2 $16) 16. b4 b5 (16... a5 17. b5 $16) (16... e5 {
Konikowski,J} 17. Bg3 $1) 17. Nc5 Nxc5 18. Rxc5 $16 a5 19. Ne5 Qd6 20. Bc2 axb4
(20... Rad8 21. Qf3 Rf8 22. Bf6 $16) 21. axb4 Ra3 22. Bg3 Qd8 23. Bf4 $1 Nc8 (
23... f6 24. Nf3 g5 25. Bc1 $16) (23... Ra6 $142 {Konikowski,J}) 24. Qc1 Ra6
25. Bxh6 Qxd4 26. Bxg7 Kxg7 27. Rd1 $5 (27. Qb1 $18) 27... Qxb4 28. Qf4 $1 $18
f5 (28... Nd6 29. Ng4 $1 $18) (28... f6 29. Ng4 Qxc5 30. Qxf6+ Kg8 31. Qxg6+
Kf8 32. Nh6 $1 $18) 29. Qg5 Ne7 (29... Qxc5 {Konikowski,J} 30. Qxg6+ Kh8 31.
Nf7#) 30. Nxg6 $1 Qxc5 31. Nxe7+ Kf7 32. Qg6+ (32. Qg6+ {Konikowski,J} Kxe7 33.
Qg7#) 1-0

[Event "WchT 4th"]
[Site "Luzern"]
[Date "1997.10.30"]
[Round "6.2"]
[White "Khalifman, Alexander"]
[Black "Romanishin, Oleg M"]
[Result "1-0"]
[WhiteElo "2655"]
[BlackElo "2550"]
[Annotator "Khalifman,A"]
[PlyCount "55"]
[EventDate "1997.10.25"]
[EventType "team-tourn"]
[EventRounds "9"]
[EventCountry "SUI"]
[SourceTitle "CBM 062"]
[Source "ChessBase"]
[SourceDate "1998.01.31"]
[SourceVersion "1"]
[SourceVersionDate "1998.01.31"]
[SourceQuality "1"]
[WhiteTeam "Russia"]
[BlackTeam "Ukraine"]
[WhiteTeamCountry "RUS"]
[BlackTeamCountry "UKR"]

1. d4 {Ftacnik} Nf6 2. c4 e6 3. Nf3 b6 4. Nc3 Bb7 5. a3 g6 6. Qc2 Bxf3 7. exf3
$1 Bg7 (7... Nc6 8. Be3 Bg7 9. O-O-O O-O 10. d5 Na5 11. h4 $16 {
Dreev-Kortschnoj/Yalta/30'/1995/}) 8. Bg5 $5 $146 {Dreev} (8. d5 O-O 9. Be2 (9.
Bg5 exd5 (9... h6 10. Be3 $14 {><g6}) 10. cxd5 Qe8+ 11. Be2 c6 $11 {
Krasenkow-Romanishin/Reggio Emilia/1996/} (11... c6 12. Bxf6 (12. O-O-O Nxd5
13. Nxd5 cxd5 14. Rxd5 Nc6 $13) 12... Bxf6 13. Rd1 Bxc3+ 14. Qxc3 cxd5 (14...
Qe7 $5) 15. Rxd5 Nc6 16. Qd2 Rd8 $1 17. O-O Ne7 18. Rd4 d5 19. Re1 Rd6 $1 {
/\ Re6} 20. Bd1 Re6 21. Rf1 Qb5 $11 {Krasenkow,M-Romanishin,O/Reggio Emilia
1996})) 9... c6 $5 (9... exd5 10. cxd5 c6 11. dxc6 Nxc6 (11... dxc6 $5 12. Bg5
$1 h6 13. Rd1 Qe7 14. Bf4 $14) 12. Be3 (12. Qa4 $14 {Ftacnik} a6 13. O-O b5 14.
Qh4 Nh5 15. Bg5 Bf6 (15... f6 16. Be3 f5 17. Qxd8 Rfxd8 18. Rfd1 $14) 16. f4 h6
$8 (16... Bxg5 $2 17. fxg5 $16 Ng7 18. Ne4) 17. Bxf6 Qxf6 18. Qxf6 Nxf6 19.
Rfd1 {1/2-1/2 Lalic,B-Romanishin,O/Deutschland 1995 (28)}) 12... d5 $15 {@})
10. dxe6 dxe6 $13) (8. Be3 O-O 9. g4 (9. O-O-O {Ftacnik} d5 10. cxd5 exd5 11.
g4 c6 $1 {/\ b5, a5~~<=>}) 9... d5 10. O-O-O (10. g5 Ne8 11. cxd5 exd5 12. f4
Nc6 $13 {Kozul-Romanishin/Erevan olm/1996/} (12... Nc6 {Ftacnik} 13. Ne2 Ne7
14. Ng3 c5 15. dxc5 d4 16. Bd2 Rc8 17. Bh3 d3 18. Qb3 Rxc5 19. Bb4 Qd5 20. Qxd5
Nxd5 21. Bxc5 bxc5 22. Rc1 Nxf4 23. Bg4 Nd6 24. Rxc5 Bxb2 {1/2-1/2 Kozul,
Z-Romanishin,O/Erevan olm 1996 (39)})) 10... c6 11. h4 dxc4 12. Bxc4 Nd5 $13 {
Huzman-Van der Wiel/EU-chTPula/1997/}) 8... c5 $6 {Ftacnik: Strategically this
move is false, since black gives up control of the white squares. Ftacnik:
Strategisch gesehen ist dieser Zug falsch, weil Schwarz die Kontrolle über die
weissen Felder verlert.} (8... O-O 9. O-O-O d5 10. h4 $36) (8... h6 $6 9. Be3 {
>< h6} (9. Be3 {Ftacnik} O-O 10. Bd3 d5)) 9. d5 h6 (9... exd5 10. Qe2+ $5 $16)
10. Be3 exd5 (10... O-O {Ftacnik} 11. g4 d6 12. h4) 11. cxd5 $16 O-O 12. g4 $5
(12. Bd3 d6 13. h3 Nbd7 14. f4 a6 15. a4 $16) 12... d6 (12... a6 {Ftacnik} 13.
h4 Nh7 14. Bd3 Re8 15. h5 $16) 13. h4 Nbd7 (13... Re8 {Ftacnik} 14. Bb5 Nbd7
15. g5 hxg5 16. hxg5 Nh5 17. O-O-O $16) 14. g5 hxg5 15. hxg5 Nh7 (15... Nh5 16.
Bh3 (16. O-O-O {Ftacnik} Re8 17. Bb5 $16) 16... Re8 17. O-O-O $16) 16. f4 Re8
$6 (16... a6 17. O-O-O (17. f5 $5 $40) 17... b5 18. Ne4 $16) (16... f5 {Ftacnik
} 17. gxf6 Qxf6 18. Bd3 $18) 17. Bb5 $1 (17. O-O-O a6 $16) 17... Nhf8 (17... a6
18. Bc6 Rb8 19. f5 $1 $40) (17... Bd4 18. O-O-O $1 Rxe3 (18... Bxe3+ 19. fxe3
Rxe3 20. Rxh7 $1 Kxh7 21. Qh2+ Kg8 22. Rh1 Kf8 23. Bxd7 $18) 19. fxe3 Bxe3+ 20.
Kb1 Bxf4 21. Qf2 Bxg5 22. Rxh7 Kxh7 23. Qxf7+ $18) 18. O-O-O a6 (18... f5 19.
gxf6 Qxf6 20. Rhg1 Kf7 21. Rg3 $16) 19. Bc6 b5 (19... Rb8 20. Ne4 (20. f5 {
Ftacnik} gxf5 (20... b5 21. f6 Bh8 22. Rh6 $18) 21. Qxf5 b5 22. Ne4 $16) 20...
Qe7 21. Ng3 b5 22. f5 $16) 20. Bxa8 Qxa8 21. Ne4 b4 22. axb4 (22. Nxd6 {Ftacnik
} bxa3 (22... Rd8 23. axb4 cxb4 24. Qc7 $18) 23. Nxe8 axb2+ 24. Kb1 Qxe8 25. f5
$18) 22... Qb8 (22... cxb4 23. Kb1 $18) (22... Rb8 23. f5 $1 gxf5 24. Nxd6 Rxb4
25. Qxf5 Bxb2+ 26. Kc2 Ne5 27. Qf6 Nfg6 28. Nf5 $18) 23. f3 $1 (23. f5 {Ftacnik
} cxb4 24. fxg6 Nxg6 (24... Rc8 25. gxf7+ Kxf7 26. Nxd6+ Qxd6 27. Qxc8 $18) 25.
Kb1 b3 26. Qc4 $16) 23... cxb4 (23... Qxb4 24. Bd2 $18) 24. Kb1 b3 (24... Rc8
25. Qh2 $18) 25. Qd3 Nc5 (25... Qb4 26. Bd4 $18) (25... Qc7 {Ftacnik} 26. Bd4 (
26. Rh2 Qa5 27. Qxb3 Rb8 28. Qd3 $18) 26... Qc2+ 27. Qxc2 bxc2+ 28. Kxc2 $18)
26. Bd4 $1 {Ftacnik: Very attractive way to point out, that black is in fact
being mated. Ftacnik: Eine sehr attraktive Weise einen Mattangriff gegen den
schwarzen König einzuleiten.} (26. Nxc5 dxc5 27. Bxc5 Qxf4 28. Bd4 $18) 26...
Nxd3 (26... Rxe4 27. Bxg7 $1 f6 (27... Nxd3 {Ftacnik} 28. Bf6 Nh7 29. Rxh7 $1
$18) 28. Qc3 $18) (26... f6 {Ftacnik} 27. Bxc5 dxc5 28. gxf6 $18) (26... f5 {
Ftacnik} 27. Nxc5 dxc5 28. Bxg7 $18) 27. Nf6+ Bxf6 28. Bxf6 (28. Bxf6 Nh7 29.
Rxh7 Kxh7 30. Rh1+ Kg8 31. Rh8#) 1-0

[Event "Bad Woerishofen op 12th"]
[Site "Bad Woerishofen"]
[Date "1996.??.??"]
[Round "6"]
[White "Khalifman, Alexander"]
[Black "Romanishin, Oleg M"]
[Result "1-0"]
[WhiteElo "2650"]
[BlackElo "2590"]
[Annotator "Khalifman,A"]
[PlyCount "89"]
[EventDate "1996.03.??"]
[EventType "swiss"]
[EventRounds "9"]
[EventCountry "GER"]
[SourceTitle "EXT 1997"]
[Source "ChessBase"]
[SourceDate "1996.11.15"]
[SourceVersion "1"]
[SourceVersionDate "1996.11.15"]
[SourceQuality "1"]

1. d4 Nf6 2. c4 e6 3. Nf3 b6 4. Nc3 Bb7 5. a3 g6 6. d5 exd5 7. cxd5 Bg7 8. g3
O-O 9. Bg2 c6 10. d6 $1 (10. dxc6 dxc6 $10) (10. O-O cxd5 $13) 10... c5 (10...
Na6 11. b4 $1 (11. O-O Nc5 $10) 11... Ne4 12. Nxe4 Bxa1 13. Bg5 $40) 11. O-O
Ne4 (11... Nc6 12. e4 Re8 13. Re1 $16 {Ivanov,A-Kveinys (Porabka 1989)}) 12.
Nd5 (12. Nxe4 $6 Bxe4 13. Bg5 Bf6) 12... Nxd6 (12... Nc6 13. Bf4 $1 Bxb2 14.
Qb1 $1 Bxa1 15. Qxa1 f6 16. Nh4 f5 17. f3 $44 {Ivanov,S-Khalifman (Leningrad
1985)}) 13. Bg5 f6 14. Bf4 Ne8 (14... Nf7 15. Nc7 Nc6 16. Nxa8 Bxa8 17. b4 $1
c4 (17... d5 18. bxc5 bxc5 19. Re1) 18. b5 Nce5 19. Nd4 $16) 15. b4 $1 $16 {
/\ 16.b:c5 b:c5 17.Qb3} (15. Qb3 Kh8 16. Rad1 Nc6 17. Rd2 $44) 15... cxb4 (
15... d6 16. Qb3 Kh8 17. bxc5 dxc5 18. Rad1 $36) 16. axb4 Nc6 17. b5 $1 Na5 (
17... Ne5 $2 18. Nxf6+) (17... Ne7 18. Ne5 $1 (18. Ng5 Kh8 19. Nxf6 $1 Bxg2 20.
Nfxh7 Rxf4 21. gxf4 Bd5 $13) 18... fxe5 (18... Kh8 19. Nxe7 Bxg2 20. N5xg6+
hxg6 21. Nxg6+ $18) 19. Bg5 $1 Nf6 20. Nxe7+ Qxe7 21. Bxb7 $16) 18. h4 Kh8 19.
Qd3 Rc8 (19... Bxd5 20. Qxd5 Nc7 21. Bxc7 Qxc7 22. Rac1 Qb7 (22... Qd8 23. h5
$1 $40) 23. Qd6 $1 {/^ h1-a8}) 20. Rac1 $1 Rc5 (20... Rxc1 21. Rxc1 Qa8 22. Nd2
f5 23. h5 $1 gxh5 24. e4 $1 $36) 21. Rxc5 bxc5 22. Rd1 (22. h5 $6 c4 23. Qd4 g5
$13) 22... d6 23. h5 g5 24. Bd2 c4 25. Qf5 Nb3 (25... Bxd5 26. Qxd5 Nc7 27.
Bxa5 Nxd5 28. Bxd8 Nc3 29. Rxd6 $18) 26. Bc3 Bc8 (26... Qc8 27. Ne7 $1 Qxf5 28.
Nxf5 $16) 27. Qe4 Nc5 28. Qxc4 $16 h6 29. Nd4 Qd7 (29... Bg4 30. Nc6 Qd7 31.
Ra1 $1 $18) 30. Nc6 Rf7 31. Ra1 Qg4 (31... a6 32. Nb6 $18) 32. Qxg4 Bxg4 33.
Bf3 Bxf3 34. exf3 f5 35. b6 $1 $18 axb6 (35... Bxc3 36. bxa7 $18) (35... a6 36.
Re1 Rf8 (36... Nf6 37. Nd8 Rf8 38. Bxf6 Bxf6 39. Nxf6 Rxf6 40. b7 $18) 37. Nce7
$1 Bxc3 (37... Kh7 38. Ng6 Rg8 39. Bxg7 Kxg7 40. Re7#) 38. Ng6+ Kg7 39. Nxc3
Rg8 40. Re7+ Kf6 41. Nd5#) 36. Ra8 Rf8 37. Nce7 Bxc3 (37... Kh7 38. Ng6 Rg8 39.
Bxg7 Kxg7 40. Ra7+ $18) 38. Ng6+ Kg7 39. Nxf8 (39. Nxc3 $5 Rg8 $140 40. Ra7+
Kf6 41. Re7 $1 $18) 39... Kxf8 40. Nxc3 Kf7 41. Ra7+ Ke6 42. Rh7 Nd7 43. Rxh6+
Nef6 44. Nb5 $1 (44. Rg6 $2 Ne5) 44... d5 45. Rg6 1-0

[Event "Munich SKA"]
[Site "Munich"]
[Date "1992.??.??"]
[Round "11"]
[White "Khalifman, Alexander"]
[Black "Huebner, Robert"]
[Result "1-0"]
[WhiteElo "2625"]
[BlackElo "2615"]
[Annotator "Khalifman,A"]
[PlyCount "96"]
[EventDate "1992.05.??"]
[EventType "tourn"]
[EventRounds "11"]
[EventCountry "GER"]
[EventCategory "14"]
[SourceTitle "EXT 2001"]
[Source "ChessBase"]
[SourceDate "2000.11.22"]
[SourceVersion "1"]
[SourceVersionDate "2000.11.22"]
[SourceQuality "1"]

1. d4 Nf6 2. c4 e6 3. Nf3 b6 4. a3 Bb7 5. Nc3 d5 6. cxd5 exd5 7. Qa4+ c6 8. Bg5
Be7 9. e3 O-O 10. Bd3 c5 11. Rd1 Nbd7 12. Ne5 $1 (12. O-O Ne4 $1 $11 {
Khalifman,A-Naumkin,I/Vilnius 1988}) 12... Nxe5 (12... h6 13. Bf4 a6 14. Bb1
$14 {Bareev,E-Gligoric,S/Moscow GMA 1989}) 13. dxe5 Nh5 (13... Nd7 $4 14. Qh4
$18) 14. Ba6 $5 (14. Qh4 Bxg5 15. Qxh5 g6 $13) (14. Bxe7 $6 Qxe7 15. g4 $2 (15.
O-O Qxe5) 15... d4 $1 16. Rg1 dxc3 17. gxh5 cxb2) 14... Bxa6 (14... Bxg5 15.
Bxb7 Rb8 16. Bxd5 $18) 15. Rxd5 (15. Bxe7 Qxe7 16. Qxa6 d4 (16... Rfd8 17. g4
$13) 17. exd4 cxd4 18. Rxd4 Qxe5+ 19. Re4 $11) 15... Qe8 16. Bxe7 Qxa4 (16...
Qxe7 17. Qxa6 Rfd8 $2 18. Rxd8+ Rxd8 19. g4 $18) 17. Nxa4 Rfe8 {[#]} (17... Bb7
$5 18. Nc3 $1 Rfe8 19. Rd7 Bxg2 20. Rg1 Bc6 21. Rc7 Rec8 22. Rxc8+ Rxc8 23. f4
Re8 24. Bd6 $14) 18. Rd7 $1 (18. Bd6 Bb7 19. Nc3 Rad8 $1 (19... Bxd5 20. Nxd5
$16) 20. O-O (20. g4 $2 Nf4 $1 21. exf4 Bxd5 $15) 20... Bxd5 21. Nxd5 Rxe5 22.
Bxe5 Rxd5 $11) 18... Bb5 19. Rc7 Bxa4 20. g4 Rec8 $6 (20... Bc6 $142 21. Rg1 $1
(21. O-O Rec8 (21... Bf3 22. gxh5 $14) 22. Rxc8+ Rxc8 $11) 21... Bf3 (21...
Rec8 22. Rxc8+ Rxc8 23. gxh5 $16) 22. Kd2 $1 (22. gxh5 $2 Rxe7 $1 23. Rxe7 Rd8
$19) 22... Rec8 23. Rd7 (23. Rxc8+ Rxc8 24. gxh5 Bxh5 25. e4 Re8 26. Bd6 $14)
23... Bc6 24. Rd6 Re8 25. Bh4 Bf3 26. gxh5 Bxh5 27. f4 $14 {Gelfand,B-Yudasin,
L/Bugojno 1999}) 21. Rxc8+ Rxc8 22. gxh5 f6 $5 23. Rg1 $1 $14 (23. exf6 Kf7 $11
) 23... Kf7 (23... fxe5 24. Bf6 Rc7 25. Bxe5 Rd7 26. Ke2 $14) 24. Bd6 Re8 25.
f4 Bc2 26. Kd2 Be4 27. Kc3 $1 f5 (27... fxe5 28. Bxe5 (28. fxe5 $2 Bf5 29. Kc4
g6) 28... g6 29. hxg6+ hxg6 30. Rd1) 28. Kc4 a6 {[#]} (28... Bc6 29. Rg5 $16)
29. h6 $1 gxh6 $2 (29... g6 $142 30. h4 $16) 30. Bc7 Re6 31. Bd8 $1 {[/\32.Bf6,
33.Rg7]} b5+ 32. Kxc5 Rc6+ 33. Kb4 Rc2 (33... Rg6 34. Rxg6 hxg6 35. Ka5 $18)
34. b3 Rxh2 35. Bf6 Bd5 (35... Bg2 36. Ka5) (35... Rg2 36. Rxg2 Bxg2 37. Ka5
Bb7 38. Kb6 Bc8 $16) 36. Rg7+ Kf8 37. Rd7 Be6 38. Rd6 Kf7 39. Rxa6 $18 Rb2 40.
Ra7+ Kg6 (40... Kf8 41. Kc5 Bxb3 42. e6 $1 Rc2+ 43. Kd6 Rc8 44. Rxh7 $18) 41.
Kc5 Rxb3 42. Rg7+ Kh5 43. Kd6 Bc4 44. e6 Rxa3 45. e7 Ra8 46. Bc3 {[/\Ba5-d8]}
b4 47. Bxb4 Kh4 48. e4 fxe4 1-0

[Event "Linares-03"]
[Site "Linares"]
[Date "1981.01.25"]
[Round "7"]
[White "Christiansen, Larry Mark"]
[Black "Ribli, Zoltan"]
[Result "1/2-1/2"]
[WhiteElo "2515"]
[BlackElo "2585"]
[Annotator "Kharitonov,A"]
[PlyCount "72"]
[EventDate "1981.01.17"]
[EventType "tourn"]
[EventRounds "11"]
[EventCountry "ESP"]
[EventCategory "13"]
[SourceTitle "MCL"]
[Source "ChessBase"]
[SourceDate "1999.07.01"]
[SourceVersion "1"]
[SourceVersionDate "1999.07.01"]
[SourceQuality "1"]

1. d4 Nf6 2. Nf3 e6 3. c4 b6 4. Bf4 Bb7 5. Nc3 (5. e3 Be7 (5... Bb4+ 6. Nfd2
O-O $13) 6. h3 O-O 7. Nc3 d5 8. cxd5 Nxd5 $5 9. Nxd5 Bxd5 10. Bd3 Bb4+ 11. Ke2
Bd6 12. Bxd6 cxd6 $10 {Miles,A-Reshevsky,S/Lone Pine/1979/0:1 (24)/}) 5... Bb4
6. Qb3 Bxc3+ (6... a5 7. e3 Ne4 (7... d6 8. Be2 Ne4 9. O-O Bxc3 10. bxc3 $14 {
Korchnoi,V-Tardjan,D/1981/}) 8. Bd3 Nxc3 $6 (8... Bxc3+ $5 9. bxc3 d6) 9. bxc3
Be7 10. e4 $16 {Korchnoi,V-Huebner,R/Merano(m/10)/1980/ Inf 30/594/}) 7. Qxc3
O-O 8. e3 d6 9. Be2 Nbd7 10. h3 Qe7 (10... Ne4 $5 11. Qc2 f5 $13) 11. Rd1 Rfd8
(11... Ne4 12. Qc2 f5 {/\Rf6 /}) 12. O-O c5 13. b4 $5 (13. Nd2 Rac8 {/\d5 /})
13... cxd4 (13... cxb4 $6 14. Qxb4 $14) 14. exd4 (14. Nxd4 $2 Ne4 15. Qc2 e5
16. Nf5 Qf6 $19) 14... a5 $132 15. a3 (15. b5 $6 d5) 15... axb4 16. Qxb4 (16.
axb4 Ra2 17. Rfe1 Rda8 $10) 16... Ne8 17. Rfe1 Ndf6 18. Nd2 $10 (18. Qxb6 $2
Rdb8 $19) 18... b5 $1 19. Qxb5 (19. cxb5 Nd5 $19) (19. Rb1 Ba6 $5 20. cxb5 (20.
Bf3 bxc4 21. Bxa8 Rxa8 $44) 20... Nd5 21. Qb2 Nxf4 22. bxa6 Nxe2+ 23. Rxe2 Rxa6
$15) 19... Rdb8 20. Qg5 (20. Rb1 Nd7 $1 $10 (20... Bxg2 21. Qxb8 Rxb8 22. Rxb8
Bxh3 23. Reb1 $13)) 20... Rxa3 21. Ra1 Rba8 22. Rxa3 Rxa3 23. Rb1 Bc6 24. Be3
h6 25. Qf4 Qd7 26. h4 Qc8 27. d5 $5 exd5 28. Bd4 $44 Qe6 (28... Qa8 29. Bxf6
Nxf6 30. Qxd6 Ra1 $10) 29. Bf3 Ra6 30. Rb8 Kh7 (30... dxc4 $6 31. Bxf6 gxf6 32.
Nxc4 Bxf3 33. Qxf3 $36) 31. Bxf6 Nxf6 32. Rd8 Bb7 33. cxd5 Bxd5 34. Qd4 $1 Ra3
(34... Bxf3 35. Qd3+ $18) 35. Bxd5 Nxd5 36. Qe4+ Qxe4 1/2-1/2

[Event "Linares-03"]
[Site "Linares"]
[Date "1981.01.29"]
[Round "10"]
[White "Portisch, Lajos"]
[Black "Gligoric, Svetozar"]
[Result "1/2-1/2"]
[WhiteElo "2650"]
[BlackElo "2530"]
[Annotator "Kharitonov,A"]
[PlyCount "97"]
[EventDate "1981.01.17"]
[EventType "tourn"]
[EventRounds "11"]
[EventCountry "ESP"]
[EventCategory "13"]
[SourceTitle "MCL"]
[Source "ChessBase"]
[SourceDate "1999.07.01"]
[SourceVersion "1"]
[SourceVersionDate "1999.07.01"]
[SourceQuality "1"]

1. d4 Nf6 2. c4 e6 3. Nf3 b6 4. a3 Bb7 5. Nc3 d5 6. cxd5 exd5 7. Bf4 (7. Bg5 $5
) (7. g3 $5) 7... Bd6 8. Bg3 O-O (8... Ne4 9. Qb3 O-O 10. e3 Nxc3 11. Qxc3 c5
12. Be2 Bxg3 13. hxg3 Nd7 14. O-O Qe7 15. a4 a5 16. Qa3 Rfc8 17. Rac1 Kf8 18.
Bb5 $14 {Portish,L-Chernin,A/Tunis(izt)/1985/1:0 (43)/}) 9. e3 c5 10. Be2 Bxg3
11. hxg3 Nbd7 12. Qc2 Re8 13. Rd1 cxd4 $6 (13... a6 $5) 14. Rxd4 (14. Nxd4 $5
Rc8 15. Qb1 $14) 14... Nf8 $5 (14... Rc8 $5 15. Qb1 Nc5) 15. O-O Qe7 16. Rfd1
Rac8 17. Qa4 (17. Qb1 Ne6 18. R4d2 Nc5 $10) 17... a6 18. Qb4 $1 Qc7 (18... Qxb4
19. Rxb4 Re6 20. Na4 b5 21. Nc3 {/\a4+/-/}) 19. Rc1 Ne6 20. Rdd1 Nc5 (20... Qc5
21. Na2 (21. Qb3 $5 Qd6 22. Na4 b5 23. Nc3 $14) 21... Qxb4 22. Nxb4 a5 23. Nc2
$14) 21. Na4 Nfd7 22. Nd4 a5 $1 23. Qe1 Qd6 24. Bb5 (24. Nc3 $5) 24... Red8 25.
Nxc5 (25. Nc3 $5) (25. Bxd7 $5 Rxd7 26. Nc3 $14) (25. b4 Nxa4 26. Bxa4 Ne5 $5 (
26... axb4 27. Bxd7 $1) 27. bxa5 Qxa3 28. Ra1 Qd6 $10) 25... Nxc5 (25... bxc5
$6 26. Nb3) 26. b4 (26. Be2 $5) 26... axb4 27. Qxb4 g6 28. Be2 (28. Ne2 $5 {
/\Nf4/}) 28... Qf6 29. a4 (29. Rb1 $2 Ne4 30. Bf3 Nc3 $19) 29... Ra8 30. Ra1
Ba6 $5 31. Bf3 (31. Bxa6 Rxa6 $10) 31... Nd3 32. Qd2 Ne5 33. Be2 Bc4 $1 34.
Rdb1 Ra6 35. Nb5 Nc6 36. Ra3 (36. Nc7 Ra7) (36. Bxc4 dxc4 37. Qc2 Ne5 $13)
36... Qe7 37. Rba1 (37. Re1 Bxb5 38. Bxb5 Qxa3 39. Bxa6 Qxa4 $17) (37. Qc1 Bxe2
38. Qxc6 Bxb5 39. Qxb5 Rda8 40. Rba1 Qc5 $10) 37... Raa8 38. Qb2 Bxe2 39. Qxe2
d4 40. Rc1 Rac8 41. Rd3 dxe3 42. Rxd8+ Qxd8 43. Qxe3 Ne7 44. Rxc8 Nxc8 45. Nc3
h5 46. Qe5 Ne7 47. Qf6 (47. Ne4 Nc6 $10) 47... Qc7 48. Nb5 Nd5 49. Qd4 (49. Qd4
Qc6 $10) 1/2-1/2

[Event "Olympiad-32"]
[Site "Yerevan"]
[Date "1996.09.19"]
[Round "4.4"]
[White "Ardiansyah, Haji"]
[Black "Anastasian, Ashot"]
[Result "0-1"]
[WhiteElo "2430"]
[BlackElo "2550"]
[Annotator "Kharitonov,A"]
[PlyCount "56"]
[EventDate "1996.09.15"]
[EventType "team-swiss"]
[EventRounds "14"]
[EventCountry "ARM"]
[SourceTitle "CBM 055"]
[Source "ChessBase"]
[SourceDate "1996.12.01"]
[SourceVersion "1"]
[SourceVersionDate "1996.12.01"]
[SourceQuality "1"]
[WhiteTeam "Indonesia"]
[BlackTeam "Armenia"]
[WhiteTeamCountry "INA"]
[BlackTeamCountry "ARM"]

1. d4 Nf6 2. c4 e6 3. Nf3 b6 4. a3 Bb7 5. Nc3 d5 6. cxd5 Nxd5 7. e3 Be7 8. Bd3
(8. Bb5+ c6 9. Bd3) 8... O-O 9. O-O Nxc3 10. bxc3 c5 11. Bb2 (11. Qe2 Nc6 12.
Bb2 cxd4 13. cxd4 Rc8 14. Rad1 Bf6 15. e4 Na5 16. Rfe1 Re8 17. h3 $14 {Aseev,
K-Komarov,D/Leningrad/1989/0|1/40/}) (11. e4 Nd7 (11... Nc6 $6 12. d5 $36) 12.
Qe2 Rc8 13. a4 cxd4 14. cxd4 Nf6 15. Bb2 Qc7 16. Ne5 Bb4 $13 {Shirov,
A-Tiviakov,S/Madrid/1994/0|1/45/}) 11... Nc6 12. c4 $6 {N/} (12. Qe2 $5 Rc8 13.
Rad1 cxd4 (13... Qc7 $6 14. c4 $1 cxd4 15. exd4 Na5 16. d5 $1 exd5 17. cxd5
Bxd5 18. Bxh7+ Kxh7 19. Rxd5 $36 {Kasparov,G-Portisch,L/Niksic/1983/1|0/35/})
14. cxd4 (14. exd4 $5 Na5 15. Ne5 Bf6 16. f4 $1 $14 g6 17. c4 Bg7 $6 18. d5
exd5 19. f5 $36 {Browne,W-Ribli,Z/Surakarta/1982/1|0/25/}) 14... Bf6 15. Rfe1
Na5 16. e4 Re8 17. h3 Rc7 18. Bb5 Bc6 19. Bxc6 Rxc6 20. d5 exd5 21. Rxd5 Qc8
22. e5 $36 {Dreev,A-Sokolov,A/Moscow(URS-ch)/1989/0,5/32/}) 12... Bf6 13. Rb1
cxd4 14. exd4 Rc8 15. Re1 (15. d5 exd5 16. cxd5 Na5 17. Bxf6 Qxf6 $17) 15...
Na5 $17 16. Qe2 (16. Rc1 Bxf3 17. Qxf3 Nc6 18. Qe4 g6 $17) 16... Bxf3 17. gxf3
g6 (17... Bxd4 $4 18. Qe4 $18) 18. Red1 Bg7 19. Kh1 (19. d5 Bxb2 20. Rxb2 exd5
21. cxd5 Qxd5 22. Ba6 Qg5+ $19) 19... Qh4 20. Bc3 (20. d5 Bxb2 21. Rxb2 Nxc4
22. Bxc4 Qxc4 23. Qxc4 Rxc4 24. dxe6 fxe6 $17) 20... Rfd8 21. Bxa5 bxa5 22. Rb5
(22. d5 exd5 23. cxd5 Rxd5 $19) 22... Bxd4 23. Kg2 Bb6 $19 24. Re5 Bc7 25. Qe4
Qe7 (25... Qh6 26. Qe3) 26. Rb5 Qxa3 27. Rb7 Qc5 28. Qh4 Rd4 0-1

[Event "Linares-03"]
[Site "Linares"]
[Date "1981.01.31"]
[Round "11"]
[White "Gligoric, Svetozar"]
[Black "Karpov, Anatoly"]
[Result "1/2-1/2"]
[WhiteElo "2530"]
[BlackElo "2690"]
[Annotator "Kharitonov,A"]
[PlyCount "44"]
[EventDate "1981.01.17"]
[EventType "tourn"]
[EventRounds "11"]
[EventCountry "ESP"]
[EventCategory "13"]
[SourceTitle "MCL"]
[Source "ChessBase"]
[SourceDate "1999.07.01"]
[SourceVersion "1"]
[SourceVersionDate "1999.07.01"]
[SourceQuality "1"]

1. d4 Nf6 2. c4 e6 3. Nf3 b6 4. a3 Bb7 5. Nc3 d5 6. Bg5 Be7 7. e3 Nbd7 8. Rc1 (
8. cxd5 exd5 (8... Nxd5 $5 9. Bxe7 Qxe7 10. Nxd5 Bxd5) 9. Be2 O-O 10. O-O c5
11. Rc1 a6 12. dxc5 bxc5 13. b4 cxb4 14. axb4 {Andersson,U-Sosonko,G/Tilburg/
1980/0,5 (14)/}) 8... O-O 9. cxd5 exd5 10. Be2 (10. Bd3 c5 11. O-O Ne4 12. Bxe7
(12. Bf4 Nxc3 13. Rxc3 c4 14. Bb1 b5 15. Ne5 Nf6 16. f3 a5 17. Rc2 b4 18. axb4
axb4 19. g4 Nd7 20. Rg2 $13 {Podgaets,M-Averbah,Y/Lvov/1973/1:0 (39)/}) 12...
Qxe7 13. dxc5 bxc5 14. Bb1 (14. b4 $5) 14... Nb6 15. Qd3 $6 f5 16. Ba2 Rad8 $15
{Langeweg,K-Sosonko,G/Wijk aan Zee/0:1 (23) Inf32/591/}) 10... c5 11. O-O Rc8 (
11... Ne4 12. Bxe7 Qxe7 13. dxc5 Nxc3 14. Rxc3 bxc5 15. b4 $14) 12. Qb3 (12.
dxc5 bxc5 $13) (12. Ne5 Nxe5 13. dxe5 Ne4 14. Nxe4 (14. Bxe7 Qxe7 15. Nxd5 Qxe5
$17) 14... dxe4 15. Qxd8 Bxd8 16. Bxd8 Rfxd8 17. Rfd1 Kf8 $15) 12... c4 13. Qc2
a5 14. Qf5 (14. Ne5 $5) 14... b5 15. Rfd1 (15. Ne5 $5) 15... Nb6 16. Nd2 (16.
Ne5 Ne4 $1 17. Bxe7 Qxe7 {/\f6=/+/}) 16... Ne4 (16... Bc6 $5) 17. Ndxe4 dxe4
18. Bf4 (18. Bxe7 Qxe7 $15 19. d5 $2 Rfe8 20. d6 Qd7 21. Qxd7 Nxd7 22. Bg4 Rcd8
) 18... g6 19. Qh3 Nd5 $1 $15 20. Bh6 (20. Nxd5 $6 Bxd5 {/\a5,b4/}) 20... Nxc3
21. Rxc3 Re8 22. f4 exf3 (22... Bd5 23. f5 $13) (22... f5 $6 23. g4 $36) (22...
exf3 23. Bxf3 Bxf3 24. Qxf3 f5 $5 25. Rf1 (25. e4 fxe4 26. Qxe4 Bb4 27. Qb7 Rc7
$19) 25... Bf8 $15) 1/2-1/2